Регионална библиотека "Любен Каравелов" - Русе

Аз съм българче (Запис номер 133402)

MARC детайли
000 -Лидер
Контролно поле с фиксирана дължина 01309nam a2200313 c 4500
003 - Код на организацията, давaща контролен номер
Контролно поле BLK
005 - Дата и час на последна редакция
Контролно поле 20180422111729.0
008 - Елементи от данни с фиксирана дължина
fixed length control field 180409b bul|||||r ||||||| ||bul||
010 ## - Наследен системен номер
LC control number KNG00139296000
040 ## - Източник на каталожния запис
Идентификатор на билиотеката - собственик на записа BLK
041 ## - Код за език
Код за езика на текст/звукозапис или на отделно заглавие Български
Код за езика КДБФ Български
080 ## - УДК
Текстов определител УДК Българска литература
УДК код - определител по УДК 821.163.2
УДК определител -93-1
УДК - код + определител 821.163.2-93-1
100 1# - Редна дума - Автор
Автор Вазов, Иван Минчов
Авторска отговорност първи автор
R(LIN) 363396
139 ## - Редно поле
Редна дума Вазов, Иван Минчов
Авторски знак Вазов, Ив. - В 15
245 10 - Сведения за заглавието
Заглавие Аз съм българче
Подзаглавни данни Стихотворения за деца : За ранна училищна възраст
Редно поле (дума) Иван Минчов Вазов; подб. и предг. Величко Вълчев; худож. Иван Кьосев.
257 ## - Страна на издаване
Страна на създаване/издаване България
260 ## - Област на издателските данни
-- София
Име на издателя, разпространителя и проч. Нар. младеж
Година на издаване 1958
300 ## - Физическа характеристика
Страници 86 с.
Илюстрации и др. с ил.
Размери/Мащаб 18 см
380 ## - Жанр
Жанр Детска худож. лит.
490 1# - СЕРИИ (Колекции)
Име на серия Масова библиотека Пчелица
500 ## - Общи забележки
Забележка 30 000 тир.
700 1# - Други автори (авторска отговорност)
Лично име Вълчев, Величко
Автороска отговорност (Описва отношението между автора и произведението) подб. и предг.
9 (RLIN) 369332
700 1# - Други автори (авторска отговорност)
Лично име Кьосев, Иван
Автороска отговорност (Описва отношението между автора и произведението) худож.
9 (RLIN) 367385
852 ## - Местоположение
Форматна сигнатура Цб І 34342
856 4# - Електронен адрес и достъп
Електронен формат pdf - файл
Път до файла /url/
856 4# - Електронен адрес и достъп
Електронен формат pdf - файл
Път до файла /url/
942 ## - АРТИКУЛИ
Вид на библиотечния материал Книги
Скрит в OPAC Не
944 ## - СЪЗДАВАНЕ И РЕДАКЦИЯ на ЗАПИСА
Създаване/Редакция Създаване
Дата на регистрацията/редакция 08.02.2013
Статус, дата на статуса 08.02.2013 - от С1,Р / 08.02.2013
Служител, извършил регистрацията/редакцията Елица_Владова
944 ## - СЪЗДАВАНЕ И РЕДАКЦИЯ на ЗАПИСА
Създаване/Редакция Редакция
Дата на регистрацията/редакция 08.02.2013
Статус, дата на статуса 08.02.2013 - от С1,Р / 08.02.2013
Служител, извършил регистрацията/редакцията
999 ## - СИСТЕМНИ КОНТРОЛНИ НОМЕРА
Koha biblionumber 133402
Koha biblioitemnumber 133402
Наличности
Код за отписване Код за изгубен артикул Източник на класификационната схема Код за повреда Коз за рестрикции Код за отдаване Артикулен № Име на библиотеката - собственик Име на библиотеката, в която се намира в момента Статус (Текущо местоположение) Дата на вписване в системата Местоположение - отдел Цена в лева Инвентарен номер Систематично азбучна сигнатура Баркод Номер на екземпляра Цена в евро Служебна бележка Служебен тип на артикула
Изтеглен Не е изгубен Universal Decimal Classification Не е повреден без рестрикции ползва се в читалня 217641 Регионална библиотека "Любен Каравелов" Русе Регионална библиотека "Любен Каравелов" Русе Хранилище 1958-01-01 Основен фонд - ползва се само за читалня 0.00 4158/58 Цб І 34342 4158/58 1 0.00 N: стар фонд Дата: 01.01.1958 Книги
  Не е изгубен Universal Decimal Classification Не е повреден само за читалня ползва се в читалня 779028 Регионална библиотека "Любен Каравелов" Русе Регионална библиотека "Любен Каравелов" Русе Хранилище 2020-06-26 Хранилище 0.22 4188/58 Цб I 34342 900000022677   0.11   Книги
Vip Innovations Ltd, Rousse, Bulgaria 2025